Cajal y la modernidad : (Record no. 174849)

MARC details
000 -LEADER
campo de control de longitud fija 01401nam a2200361 4500
001 - NÚMERO DE CONTROL
campo de control 174849
003 - IDENTIFICADOR DE NÚMERO DE CONTROL
campo de control ES-MaACL
005 - FECHA Y HORA DE LA ÚLTIMA TRANSACCIÓN
campo de control 20251123063309.0
008 - DATOS DE LONGITUD FIJA--INFORMACIÓN GENERAL
campo de control de longitud fija 100608s2008 sp ao |||| |bspa d
017 ## - NÚMERO DE COPYRIGHT O DE DEPÓSITO LEGAL
Número de copyright o de depósito legal M 56937-2008
Agencia que asigna Oficina Depósito Legal Madrid
020 ## - NÚMERO INTERNACIONAL ESTÁNDAR DEL LIBRO
Número Internacional Estándar del Libro 978-84-936415-2-8
040 ## - FUENTE DE CATALOGACIÓN
Centro catalogador/agencia de origen ES-MaACL
Lengua de catalogación spa
Centro/agencia transcriptor ES-MaACL
Normas de descripción rda
080 ## - NÚMERO DE LA CLASIFICACIÓN DECIMAL UNIVERSAL
Número de la Clasificación Decimal Universal 61 Ramón y Cajal, Santiago
080 ## - NÚMERO DE LA CLASIFICACIÓN DECIMAL UNIVERSAL
Número de la Clasificación Decimal Universal 929 Ramón y Cajal, Santiago
245 00 - MENCIÓN DEL TÍTULO
Título Cajal y la modernidad :
Resto del título cien años del Nobel de Don Santiago Ramón y Cajal /
Mención de responsabilidad, etc. Alejandro R. Díez Torre (ed.).
250 ## - MENCION DE EDICION
Mención de edición Primera edición, diciembre 2008
264 #1 - PRODUCCIÓN, PUBLICACIÓN, DISTRIBUCIÓN, FABRICACIÓN Y COPYRIGHT
Producción, publicación, distribución, fabricación y copyright [Madrid] :
Nombre del de productor, editor, distribuidor, fabricante Ateneo Científico, Literario y Artístico,
Fecha de producción, publicación, distribución, fabricación o copyright [2008]
300 ## - DESCRIPCIÓN FÍSICA
Extensión 375 páginas :
Otras características físicas ilustraciones ;
Dimensiones 24 cm.
336 ## - TIPO DE CONTENIDO
Fuente rdacontent
Término de tipo de contenido Texto
337 ## - TIPO DE MEDIO
Fuente rdamedia
Nombre/término del tipo de medio sin mediación
338 ## - TIPO DE SOPORTE
Fuente rdacarrier
Nombre/término del tipo de soporte volumen
490 0# - MENCIÓN DE SERIE
Mención de serie Publicaciones del Ateneo de Madrid
504 ## - NOTA DE BIBLIOGRAFÍA, ETC.
Nota de bibliografía, etc. Incluye referencias bibliográficas e índice
600 14 - PUNTO DE ACCESO ADICIONAL DE MATERIA--NOMBRE DE PERSONA
Nombre de persona Ramón y Cajal, Santiago,
Fechas asociadas al nombre 1852-1934-
Subdivisión de forma Homenajes
9 (RLIN) 95230
650 #4 - PUNTO DE ACCESO ADICIONAL DE MATERIA--TÉRMINO DE MATERIA
Término de materia o nombre geográfico como elemento de entrada Ciencia-
Subdivisión geográfica España-
Subdivisión cronológica S.XX.
9 (RLIN) 10946
700 1# - ENTRADA AGREGADA--NOMBRE PERSONAL
Nombre de persona Díez Torre, Alejandro R.
9 (RLIN) 44776
Término indicativo de función/relación Editor
710 2# - ENTRADA AGREGADA--NOMBRE DE ENTIDAD CORPORATIVA
Nombre de entidad corporativa o nombre de jurisdicción como elemento de entrada Ateneo de Madrid.
9 (RLIN) 1875
852 4# - LOCALIZACIÓN
Ubicación ES-MaACL
Número de control de estantería N-3674
Ubicación en estantería Hemeroteca
itemnumber 181577
Encuadernación Encuadernación rústica
852 4# - LOCALIZACIÓN
Ubicación ES-MaACL
Número de control de estantería DJ-59
Ubicación en estantería Depósito J
itemnumber 206871
Encuadernación Encuadernación rústica
942 ## - ELEMENTOS DE ENTRADA SECUNDARIOS (KOHA)
Suprimir en OPAC No
Tipo de ítem Koha Libro impreso
Holdings
Estatus retirado Estado de pérdida Estado de daño No para préstamo Biblioteca de origen Biblioteca actual Ubicación en estantería Fecha de adquisición Fuente de adquisición Total de préstamos Signatura topográfica completa Código de barras Visto por última vez Precio de reemplazo Tipo de ítem Koha Fuente del sistema de clasificación o colocación
        Biblioteca del Ateneo de Madrid Biblioteca del Ateneo de Madrid Hemeroteca 08/06/2010     N-3674 1183560 23/02/2023 23/02/2023 Libro impreso  
        Biblioteca del Ateneo de Madrid Biblioteca del Ateneo de Madrid Depósito 1 08/06/2010     A-15833 2025-1236 29/10/2025 29/10/2025   Clasificación decimal universal